| 000 | 00427 a2200145 4500 | ||
|---|---|---|---|
| 003 | Nust | ||
| 005 | 20170207165830.0 | ||
| 022 | _a0-497-84016-2 | ||
| 040 | _cNust | ||
| 100 | _aParker, Philip M. | ||
| 245 |
_aThe 2009-2014 World Outlook for Worldwide Interoperability for Microwave Access (WiMAX) Equipment (E-BOOK) _cPhilip M. Parker |
||
| 260 |
_aIcon Group International, _bFrance _c2008 |
||
| 300 | _a212 p | ||
| 651 | _aE-Book | ||
| 942 |
_2ddc _cBK |
||
| 999 |
_c213253 _d213253 |
||